000 00356nam a2200145Ia 4500
008 230711s9999||||xx |||||||||||||| ||und||
041 _aENG
082 _a624
_bDO-E
100 _aDowrick,David
245 0 _aEarthquake risk reduction
250 _a1st Ed.
260 _c2003
_aNew Delhi
_bJohn Wiley & Sons.Inc
650 _aCivil Engineering
942 _cBK
999 _c4379
_d4379